Estatísticas para Modos de jogo do Brawl Stars

Clique aqui para jogar o quiz

Estatísticas Gerais

  • Esse quiz foi jogado 22 vezes
    (19 desde o último reset)
  • A pontuação média é 12 de 27

Estatísticas das Respostas

Rotação do modoModo de jogo% Correto
Existe em rotação diáriaFute-brawl
87%
Volta as vezesBasquete brawl
80%
Existe em rotação diáriaNocaute
80%
Existe em rotação diáriaPique-gema
80%
Existe em rotação diáriaCombate duplo
73%
Existe em rotação diáriaCombate solitário
73%
Existe em rotação diáriaRoubo
67%
Existe em rotação diáriaCaça estrelas
60%
Volta as vezesDuelos
60%
Evento de fim de semanaCaos cibernético
53%
Não existe maisEncurralado
53%
Evento de fim de semanaRobô chefão
53%
Não existe maisVolei brawl
53%
Existe em rotação diáriaZona estratégica
53%
Volta as vezesExterminio
47%
Evento de fim de semanaTodos contra um
47%
Não existe maisEmpurra e puxa
33%
Não existe maisDia de caça
27%
Não existe maisCaça ao chefe
20%
Não existe maisCidade caótica
20%
Evento de fim de semanaÚltima investida
20%
Não existe maisEstrela solitária
13%
Não existe maisLadrões de troféu
13%
Não existe maisAmigo roubado
7%
Existe em rotação diáriaLiga estelar
7%
Não existe maisSede de poder
7%
Não existe maisSegura o troféu
7%

Distribuição das Pontuações

Percentil de Números Respondidos

Porcentagem de Pessoas com Cada Pontuação

Sua Pontuação Histórica

Você não jogou esse quiz desde o último reset